000 00737cab a2200229 4500
001 WB3137-52
008 090401t1995 xxu||||| |||| 00| 0 eng d
035 _a(Sirsi) u17540
041 _aeng
245 _aCalls for weekly quota update
260 _c1995
350 _a0
490 _aFarmer`s Guardian
_v29 September 1995, 2(1)
520 _aBuyers are calling for weekly updated national milk quota thresholds to replace monthly figures so that they can advise contracted suppliers wether they can overshoot production without paying superlevy.
650 _aINTERVENTION BOARD
650 _aMILK QUOTAS
650 _aSUPERLEVY
650 _aTHRESHOLDS
690 _aRURAL PRACTICE
942 _n0
948 _c04/03/1997
999 _c11633
_d11633